Gestión por procesos y creación de valor público: un enfoque analítico
La modernización administrativa se ha construido en los últimos años en uno de los temas de mayor protagonismo en los procesos de reforma del Estado y conforma, sin lugar a dudas, la tendencia internacional más importante en el panorama actual de la administración pública. Las iniciativas de moderni...
Պահպանված է:
| Հիմնական հեղինակ: | |
|---|---|
| Ձևաչափ: | Տեքստ |
| Հրապարակվել է: |
Santo Domingo:
INTEC
|
| Խորագրեր: | |
| Ցուցիչներ: |
Ավելացրեք ցուցիչ
Չկան պիտակներ, Եղեք առաջինը, ով նշում է այս գրառումը!
|
MARC
| LEADER | 00000 a a2200000 04500 | ||
|---|---|---|---|
| 001 | 33094 | ||
| 003 | |||
| 040 | |||
| 020 | |a 99934-25-61-3 | ||
| 090 | |a 206400 | ||
| 100 | |a Medina Giopp, Alejandro | ||
| 245 | |a Gestión por procesos y creación de valor público: un enfoque analítico | ||
| 260 | |a Santo Domingo: |b INTEC | ||
| 300 | |a 558 p. | ||
| 520 | |a La modernización administrativa se ha construido en los últimos años en uno de los temas de mayor protagonismo en los procesos de reforma del Estado y conforma, sin lugar a dudas, la tendencia internacional más importante en el panorama actual de la administración pública. Las iniciativas de modernización de la gestión pública revalorizan las ciencias de la gestión o management, como un referente para enfrentar las rigideces del modelo burocrático de organización y gestión, cuya aplicación se derivan nuevas modalidades de organización y prestación de los servicios públicos. Este estudio se centra en el análisis de la utilidad del management y en particular de las técnicas de gestión por procesos como estrategias válidas para lograr incrementar en la productividad y contribuir a la creación de valor de la gestión pública | ||
| 650 | |a ESTADO | ||
| 650 | |a SECTOR PUBLICO | ||
| 650 | |a REFORMA ADMINISTRATIVA | ||
| 650 | |a ADMINISTRACION PUBLICA | ||
| 650 | |a PRODUCTIVIDAD | ||
| 650 | |a ESTUDIOS DE CASOS | ||
| 650 | |a ANALISIS COMPARATIVO | ||
| 650 | |a AMERICA LATINA | ||
| 650 | |a OCDE | ||
| 650 | |a PROGRAMA DE AYUDA | ||
| 999 | |c 5240 |d 5240 | ||



